Historia Polski (IV) - władcy elekcyjni cz. 2 - do rozbiorów - Statystyki

Ogólne statystyki
  • Ten quiz został rozwiązany 63 razy
  • Średni wynik to 29 z 88
Statystyki odpowiedzi
Odpowiedź % Poprawnych
Stanisław August Poniatowski
79%
August II Mocny
77%
Stanisław Leszczyński/August III Sas
74%
1733-1763
72%
Absolutnie nic - za czasów króla Sasa, jedz, pij i popuszczaj pasa
70%
August III Sas
70%
Michał Korybut Wiśniowiecki
60%
Jan III Sobieski
58%
Stanisław Leszczyński
53%
1788-1792
51%
1792
51%
1792
51%
1794
51%
1794
51%
1794
51%
1794
51%
24 marca 1794
51%
3 maj 1791
51%
Odsiecz wiedeńska
51%
1793
49%
1795
49%
Tadeusz Kościuszko ogłasza powstanie narodowe w Krakowie
49%
1768-1772
45%
1772
45%
Konfederacja barska (na czele z Kazimierzem Pułaskim, przeciw wpływom rosyjskim)
45%
Wygrana bitwa pod Racławicami (Tadeusz Kościuszko wraz z kosynierami pokonuje Rosjan)
45%
II Rozbiór Polski (Rosja-Prusy)
43%
I Rozbiór Polski (Rosja-Prusy-Austria)
43%
Uchwalenie Konstytucji 3 Maja
43%
III Rozbiór Polski (Rosja-Prusy-Austria)
42%
Przegrana Szwedów pod Połtawą, wycofanie się wojsk szwedzkich, powrót Augusta II na tron
42%
12 września 1683
38%
Konfederacja targowicka (przeciw konstytucji)
38%
Elekcja
36%
Elekcja
36%
Elekcja
36%
Elekcja
36%
Podwójna elekcja (Rosja siłą oddaje tron Wettynowi)
36%
Pokój w Altranstadt, elekcja
36%
Sejm niemy (Zakaz przebywania wojsk saskich na terenie RP, zwiększenie armii do 24 tys.)
36%
1669
34%
1673
34%
1674
32%
1672
30%
1764
30%
1767-1768
30%
Sejm Czteroletni
30%
1700-1721
28%
1767
28%
Konfederacja warszawska (przeciw Augustowi II Mocnemu)
28%
1704
26%
1717
26%
Zlikwidowanie liberum veto i wolnej elekcji
26%
1676
25%
1697
25%
1709
25%
Powstanie w Warszawie
25%
1699
23%
Przegrana bitwa pod Maciejowicami (Tadeusz Kościuszko zostaje pojmany, koniec insurekcji)
23%
Wygrana bitwa pod Chocimiem (Jan Sobieski)
23%
1706
21%
1715
21%
1686
19%
1694
19%
1732
19%
Powstanie w Wilnie
17%
1733
15%
Pokój w Karłowicach (Polska odzyskuje Podole i Kamieniec od Turcji)
15%
Przegrana bitwa pod Szczekocinami (Tadeusz Kościuszko)
15%
Uniwersał Połaniecki (ograniczenie poddaństwa chłopów, nadanie im wolności osobistej)
15%
Wojna z Turcją, traktat w Buczaczu (utrata Podola i części lewobrzeżnej Ukrainy, Polska staje się lennikiem Turcji)
15%
Konfederacja słucka (dla prawosławnych) toruńska (dla protestantów) i radomska (przeciw innowiercom i władzy Poniatowskiego)
13%
Powstanie na Wielkopolsce
11%
Sejm repninowski (ustanowienie praw kardynalnych - wolnej elekcji, wpływu szlachty na króla oraz przywrócenie liberum veto w kwestiach podatkowych)
11%
Wygrana bitwa pod Zieleńcami (Józef Poniatowski)
11%
Jan Kiliński
9%
Przegrana bitwa pod Dubienką (Tadeusz Kościuszko odnosi 4-krotnie mniejsze straty niż Rosja)
9%
Wprowadzenie trójpodziału władzy
9%
Jakub Jasiński
8%
Jan Henryk Dąbrowski
8%
Konfederacja tarnogrodzka (przeciw Augustowi II Mocnemu)
8%
Pokój Grzymułtowskiego (Polska zrzeka się terenów utraconych przez rozejm w Andruszowie w zamian za pomoc Rosji)
8%
Rozejm w Żurawnie (Polska odzyskuje część Ukrainy i przestaje być lennikiem)
8%
Traktat Loewenwolda (Prusy, Austria i Rosja wspólnie mają uzgadniać losy tronu polskiego)
8%
Wykluczenie gołoty z obrad sejmów i sejmików
8%
Mieszczaństwo uzyskuje nietykalność majątkową i osobistą
6%
Ustanowienie 100 tys. armii
6%
Wygrana bitwa pod Hodowem - "polskie Termopile"
6%
Nie znaleziono quizów pasujących do podanych kryteriów
Rozkład punktacji
Procent ludzi z każdym wynikiem
Percentyl według liczby udzielonych odpowiedzi
Twoja historia wyników
Nie rozwiązałeś tego quizu